000 00520nam a2200169 a 4500
001 000046402
005 20201002052838.0
008 150807s1979 dr 000 0 spa d
040 _aDO-SdBNP
_bspa
_cBNPHU
082 _axxxx
_bxxxx
100 1 _aSchwartz, Alain
_974424
245 1 0 _aValorización del arte /
_cAlain Schwartz.
260 _aSanto Domingo :
_bAlfa y omega,
_c1979.
300 _a189 p. ;
_c21 cm.
500 _aIncluye datos del autor en la solapa de la contracubierta
504 _aBibliografía : p. 175
999 _c45891
_d45891